| 000 | 00434nam a2200181Ia 4500 | ||
|---|---|---|---|
| 001 | 13390 | ||
| 005 | 20260306164757.0 | ||
| 008 | 260306t2009||||xx |||||||||||||| ||spa|| | ||
| 041 | _aESP | ||
| 082 |
_a003.3 _bR63 |
||
| 100 |
_aRíos Insúa, David _eAUT |
||
| 245 | 0 |
_aSimulación: _bmétodos y aplicaciones |
|
| 260 | _c2009 | ||
| 300 |
_a404 páginas : _c388 p. |
||
| 650 | _aGEN | ||
| 654 | _aCCC | ||
| 942 |
_cLIB _dJUS _fJUS _2ddc _n |
||
| 999 |
_c13390 _d13390 |
||